Welcome to the Holygrace Academy Library

Please use search bar below to get started

THE BABYSITTERS CLUB (Record no. 473)

MARC details
000 -LEADER
fixed length control field 00715nam a22001457a 4500
020 ## - INTERNATIONAL STANDARD BOOK NUMBER
ISBN 0-5901-47050-7
082 ## - DEWEY DECIMAL CLASSIFICATION NUMBER
Classification number 823
Item number MAR/M
100 ## - MAIN ENTRY--AUTHOR NAME
Personal name ANN M MARTIN
245 ## - TITLE STATEMENT
Title THE BABYSITTERS CLUB
Remainder of title MYSTERY # 12
260 ## - PUBLICATION, DISTRIBUTION, ETC. (IMPRINT)
Place of publication NEW YORK
Name of publisher SCHOLASTIC INC
Year of publication 1993
300 ## - PHYSICAL DESCRIPTION
Number of Pages 151
520 ## - SUMMARY, ETC.
Summary, etc SURD'S UP! DAWN IS BACK ON THE COAST JUST IN TIME FOR THE BIG SURFING COMPETITION. SHE LOVES CATCHING THOSE WAVES AND SOAKING UP SUN. BUT SOON DAWN HAS A MYSTERY ON HER HANDS. THRASH, THE MOST RADICAL SURFER AROUND, HAS MYSTRIOUSLY DISAPPEARED. ONLY HIS BASHED-UP SURFBOARD- AND HIS GHOST - REMAIN. CAN DAWN SOLVE HER CALIFORNIA MYSTERY WITHOUT THE HELP OF THE BSC?
650 ## - SUBJECT ADDED ENTRY--TOPICAL TERM
Topical Term DAWN AND THE SURFER GHOST
Geographic subdivision UNITED KINGDOM
942 ## - ADDED ENTRY ELEMENTS (KOHA)
Koha item type Books
Holdings
Withdrawn status Lost status Collection code Home library Current library Shelving location Date acquired Source of acquisition Full call number Accession Number Koha item type
    Fiction Main Library Main Library On Display 10/10/2012 purchase 823 MAR/M 07101 Books